Sexuálně zneužívané děti / Eva Malá, Jiří Raboch, Zdeněk Sovák
Record details
- ISBN: 80-85121-99-9
- Physical Description: 128 s. ; 21 cm
- Edition: 1. vyd.
- Publisher: Praha : Psychiatrické centrum, 1995
Content descriptions
| Bibliography, etc. Note: | Bibliogr. |
Search for related items by subject
| Subject: | sexuálně zneužívané děti |
| Genre: | příručky |
Search for related items by series
Available copies
- 2 of 2 copies available at Common Catalog SPOK.
Holds
- 0 current holds with 2 total copies.
Show All Copies
| Location | Call Number / Copy Notes | Barcode | Shelving Location | Status | Due Date |
|---|---|---|---|---|---|
| Jabok Library | SPr-3.7.5 | 424480000466 | Odborná literatura | Available | - |
| Jabok Library | SPr-3.7.5 | 424480000467 | Odborná literatura | Available | - |
| LDR | 01087nam a2200361 a 4500 | ||
|---|---|---|---|
| 001 | 11491 | ||
| 003 | CZ-PrJAB | ||
| 005 | 20180828083317.0 | ||
| 007 | tu | ||
| 008 | 960418s1995 xr e 000 0 cze | ||
| 015 | . | ‡acnb000116788 | |
| 020 | . | ‡a80-85121-99-9 ‡q(brož.) | |
| 035 | . | ‡a(CZ PrNK)cpk19960116788 | |
| 035 | . | ‡a(OCoLC)84910221 | |
| 040 | . | ‡aABA001 ‡bcze | |
| 072 | 7. | ‡a616.89 ‡xPsychiatrie ‡2Konspekt ‡914 | |
| 080 | . | ‡a616.89 ‡2undef | |
| 080 | . | ‡a179 ‡2undef | |
| 080 | . | ‡a316.6 ‡2undef | |
| 100 | 1 | . | ‡aMalá, Eva, ‡d1940- ‡7jk01073165 ‡4aut |
| 245 | 1 | 0. | ‡aSexuálně zneužívané děti / ‡cEva Malá, Jiří Raboch, Zdeněk Sovák |
| 250 | . | ‡a1. vyd. | |
| 260 | . | ‡aPraha : ‡bPsychiatrické centrum, ‡c1995 | |
| 300 | . | ‡a128 s. ; ‡c21 cm | |
| 490 | 1 | . | ‡aZprávy ; ‡vč. 128 |
| 504 | . | ‡aBibliogr. | |
| 650 | 0 | 7. | ‡asexuálně zneužívané děti ‡7ph115772 ‡2czenas |
| 655 | 7. | ‡apříručky ‡7fd133209 ‡2czenas | |
| 700 | 1 | . | ‡aRaboch, Jiří, ‡d1951- ‡7jn20000402087 ‡4aut |
| 700 | 1 | . | ‡aSovák, Zdeněk, ‡d1950- ‡7jn20000710578 ‡4aut |
| 830 | 0. | ‡aZprávy | |
| 910 | . | ‡aABG312 | |
| 901 | . | ‡a11491 ‡bUnknown ‡c11491 ‡tbiblio | |